书目信息 |
| 题名: |
新时代福建高校团支部建设典型案例汇编
|
|
| 作者: | 刘晓晖 编 | |
| 分册: | ||
| 出版信息: | 北京 光明日报出版社 2021.04 |
|
| 页数: | 211页 | |
| 开本: | 24cm | |
| 丛书名: | 福建省学校团干名师工作室丛书 | |
| 单 册: | ||
| 中图分类: | D297.6 | |
| 科图分类: | ||
| 主题词: | ||
| 电子资源: | ||
| ISBN: | 978-7-5194-5891-1 | |
| 000 | 01157nam 2200265 450 | |
| 001 | CAL 0120217265108 | |
| 005 | 20230217093112.0 | |
| 010 | @a978-7-5194-5891-1@dCNY58.00 | |
| 100 | @a20211027d2021 em y0chiy0120 ea | |
| 101 | 0 | @achi |
| 102 | @aCN@b110000 | |
| 105 | @ay z 000yy | |
| 106 | @ar | |
| 200 | 1 | @a新时代福建高校团支部建设典型案例汇编@Axin shi dai fu jian gao xiao tuan zhi bu jian she dian xing an li hui bian@f刘晓晖编 |
| 210 | @a北京@c光明日报出版社@d2021.04 | |
| 215 | @a211页@d24cm | |
| 225 | 2 | @a福建省学校团干名师工作室丛书@Afu jian sheng xue xiao tuan gan ming shi gong zuo shi cong shu |
| 314 | @a刘晓晖, 男, 思政讲师。现为福建师范大学校团委组织宣传部部长。 | |
| 330 | @a本书收录的团支部工作案例分别来自福建省50多所高校, 分为团支部的组织建设篇与团支部活动两个篇章, 内容包括: 积分制优化团支部工作模式 ; 用行动昂扬青春的力量等。 | |
| 410 | 0 | @12001 @a福建省学校团干名师工作室丛书 |
| 601 | 02 | @a中国共产主义青年团@Azhong guo gong chan zhu yi qing nian tuan@x高等学校@x共青团工作@x案例@y福建 |
| 690 | @aD297.6@v5 | |
| 701 | 0 | @a刘晓晖@Aliu xiao hui@4编 |
| 801 | 0 | @aCN@bBJXHZP@c20230228 |
| 905 | @b1406113-6@dD297.6@e36@f4 | |
| 新时代福建高校团支部建设典型案例汇编/刘晓晖编.-北京:光明日报出版社,2021.04 |
| 211页;24cm.-(福建省学校团干名师工作室丛书) |
| ISBN 978-7-5194-5891-1:CNY58.00 |
| 本书收录的团支部工作案例分别来自福建省50多所高校, 分为团支部的组织建设篇与团支部活动两个篇章, 内容包括: 积分制优化团支部工作模式 ; 用行动昂扬青春的力量等。 |
| ● |
| 相关链接 |
|
|
|
|
正题名:新时代福建高校团支部建设典型案例汇编
索取号:D297.6/36
 
预约/预借
| 序号 | 登录号 | 条形码 | 馆藏地/架位号 | 状态 | 备注 |
| 1 | 1406113 | 214061138 | 第一样本阅览室/ [索取号:D297.6/36] | 在馆 | |
| 2 | 1406114 | 214061147 | 第一借阅区/ [索取号:D297.6/36] | 在馆 | |
| 3 | 1406115 | 214061156 | 第一借阅区/ [索取号:D297.6/36] | 在馆 | |
| 4 | 1406116 | 214061165 | 第一借阅区/ [索取号:D297.6/36] | 在馆 |